He mau nane Hawai'i : Hawaiian Riddles/ (Record no. 6521)
[ view plain ]
| 000 -LEADER | |
|---|---|
| fixed length control field | 00562nam a2200193Ia 4500 |
| 001 - CONTROL NUMBER | |
| control field | 6521 |
| 008 - FIXED-LENGTH DATA ELEMENTS--GENERAL INFORMATION | |
| fixed length control field | 260427s9999 xx 000 0 und d |
| 020 ## - INTERNATIONAL STANDARD BOOK NUMBER | |
| International Standard Book Number | 9781581780352 |
| 245 #0 - TITLE STATEMENT | |
| Title | He mau nane Hawai'i : Hawaiian Riddles/ |
| Statement of responsibility, etc. | Kimo Armitage |
| 260 ## - PUBLICATION, DISTRIBUTION, ETC. | |
| Place of publication, distribution, etc. | Honolulu; |
| Name of publisher, distributor, etc. | Kamahoi Press; |
| Date of publication, distribution, etc. | 2004 |
| 300 ## - PHYSICAL DESCRIPTION | |
| Extent | 92p; |
| Dimensions | 24x21cm |
| 546 ## - LANGUAGE NOTE | |
| Language note | Hawaiian; English |
| 650 ## - SUBJECT ADDED ENTRY--TOPICAL TERM | |
| Topical term or geographic name entry element | Folk literature |
| 9 (RLIN) | 9347 |
| 650 ## - SUBJECT ADDED ENTRY--TOPICAL TERM | |
| Topical term or geographic name entry element | Indigenous societies |
| 9 (RLIN) | 9260 |
| 650 ## - SUBJECT ADDED ENTRY--TOPICAL TERM | |
| Topical term or geographic name entry element | PN1-6790 Literature (General) |
| 9 (RLIN) | 21 |
| 651 ## - SUBJECT ADDED ENTRY--GEOGRAPHIC NAME | |
| Geographic name | Hawaii |
| 9 (RLIN) | 2928 |
| 655 ## - INDEX TERM--GENRE/FORM | |
| Genre/form data or focus term | Illustrated volume |
| 9 (RLIN) | 9348 |
| 942 ## - ADDED ENTRY ELEMENTS (KOHA) | |
| Koha item type | Book |
| Withdrawn status | Lost status | Damaged status | Not for loan | Collection | Home library | Current library | Shelving location | Date acquired | Source of acquisition | Total Checkouts | Full call number | Barcode | Date last seen | Price effective from | Koha item type |
|---|---|---|---|---|---|---|---|---|---|---|---|---|---|---|---|
| Language and Literature | SAF Reference Library | SAF Reference Library | 04/27/2026 | SB15 reading room- Meleanna Meyer | PN1-6790 80.36 | 6521 | 04/27/2026 | 04/27/2026 | Book |